[Event "Alicante Easter op 5th"]
[Site "Alicante"]
[Date "2021.04.02"]
[Round "4"]
[White "Gomez Anadon, Daniel"]
[Black "Donado Mazarron Gomez, Miguel"]
[Result "0-1"]
[WhiteElo "2234"]
[BlackElo "2184"]
[PlyCount "102"]
[EventDate "2021.03.31"]
[EventType "swiss"]
[EventRounds "9"]
[EventCountry "ESP"]
[SourceTitle "CBM 201 Extra"]
[Source "ChessBase"]
[SourceDate "2021.05.31"]
[SourceVersion "1"]
[SourceVersionDate "2021.05.31"]
[SourceQuality "1"]

1. e4 c5 2. Nf3 d6 3. Bb5+ Nd7 4. c3 Ngf6 5. Bd3 Ne5 6. Be2 Nxf3+ 7. Bxf3 e5 8. d4 Be7 9. dxe5 dxe5 10. Qxd8+ Bxd8 11. Nd2 0-0 12. Be2 a6 13. a4 b6 14. f3 Bc7 15. Nc4 Bd7 16. Bg5 Nh5 17. Be7 Rfe8 18. Bd6 Bxd6 19. Nxd6 Red8 20. Bc4 Be6 21. Bxe6 Rxd6 22. Bc4 Rad8 23. 0-0 Rd2 24. g3 a5 25. Rab1 Kf8 26. Bd5 f5 27. Rf2 Rxf2 28. Kxf2 Nf6 29. c4 fxe4 30. fxe4 Ke7 31. Ke2 h6 32. Rf1 Rf8 33. Rf5 Nd7 34. Rxf8 Nxf8 35. Kf3 Kf6 36. Kg4 Kg6 37. Kf3 h5 38. Ke3 Kg5 39. Kf3 Kf6 40. h4 g5 41. hxg5+ Kxg5 42. Bf7 h4 43. gxh4+ Kxh4 44. Bd5 Ng6 45. Bf7 Nf4 46. Ke3 Kg3 47. Be8 Ng2+ 48. Kd3 Kf4 49. Bh5 Nh4 50. Bd1 Nf3 51. Be2 Ng5 0-1

[Event "ESP-ch 85th"]
[Site "Linares"]
[Date "2020.09.08"]
[Round "9"]
[White "Domingo Nunez, Ruben"]
[Black "Donado Mazarron Gomez, Miguel"]
[Result "1-0"]
[WhiteElo "2367"]
[BlackElo "2176"]
[PlyCount "79"]
[EventDate "2020.08.31"]
[EventType "swiss"]
[EventRounds "9"]
[EventCountry "ESP"]
[SourceTitle "EXT 2021"]
[Source "ChessBase"]
[SourceDate "2020.10.23"]
[SourceVersion "1"]
[SourceVersionDate "2020.10.23"]
[SourceQuality "1"]

1. e4 c5 2. Nf3 d6 3. d4 cxd4 4. Nxd4 Nf6 5. Nc3 a6 6. f3 e5 7. Nb3 Be6 8. Be3 h5 9. Qd2 Nbd7 10. 0-0-0 Rc8 11. Kb1 b5 12. a3 Nb6 13. Bg5 Nc4 14. Bxc4 bxc4 15. Nc1 Rb8 16. Nd5 Bxd5 17. exd5 Qb6 18. Qc3 Nd7 19. Na2 a5 20. Ka1 Qb5 21. Rhe1 Be7 22. Bxe7 Kxe7 23. f4 Rhc8 24. fxe5 dxe5 25. d6+ Kf8 26. Rb1 Rb6 27. Qh3 Rxd6 28. Nc3 Qc6 29. Ne4 Rd4 30. Qxh5 Nf6 31. Nxf6 gxf6 32. Qh8+ Ke7 33. Rxe5+ Kd7 34. Qh3+ Kc7 35. Re7+ Kb8 36. Qc3 Rd5 37. Rxf7 Rcd8 38. Rxf6 Qb5 39. b3 Rd1 40. Rf1 1-0

[Event "ESP-ch 85th"]
[Site "Linares"]
[Date "2020.09.03"]
[Round "4"]
[White "Donado Mazarron Gomez, Miguel"]
[Black "Martin Duque, Jesus"]
[Result "0-1"]
[WhiteElo "2176"]
[BlackElo "2402"]
[PlyCount "86"]
[EventDate "2020.08.31"]
[EventType "swiss"]
[EventRounds "9"]
[EventCountry "ESP"]
[SourceTitle "EXT 2021"]
[Source "ChessBase"]
[SourceDate "2020.10.23"]
[SourceVersion "1"]
[SourceVersionDate "2020.10.23"]
[SourceQuality "1"]

1. d4 Nf6 2. c4 e6 3. Nc3 Bb4 4. e3 0-0 5. Bd3 c5 6. a3 Bxc3+ 7. bxc3 Nc6 8. e4 e5 9. d5 Na5 10. f4 exf4 11. e5 Re8 12. Nf3 d6 13. Bxf4 Bg4 14. Qc2 Bxf3 15. gxf3 dxe5 16. Bg5 h6 17. Bh4 Qb6 18. Rg1 e4 19. fxe4 Nxe4 20. Kd1 f5 21. Rb1 Qxb1+ 22. Qxb1 Nxc3+ 23. Kc2 Nxb1 24. Kxb1 g5 25. Bf2 Nb3 26. Bxf5 Nd2+ 27. Kc1 Ne4 28. Be1 Re5 29. Bg4 Rf8 30. h4 Rf4 31. hxg5 hxg5 32. Be6+ Kg7 33. Kb2 Kg6 34. Bc8 b6 35. a4 Nd6 36. Bg3 Nxc4+ 37. Kc1 Kf6 38. Bxf4 gxf4 39. Rg8 Rxd5 40. Rf8+ Kg5 41. Rg8+ Kh6 42. Kc2 Rd4 43. Kc3 Nd6 0-1

[Event "ESP-ch 85th"]
[Site "Linares"]
[Date "2020.09.02"]
[Round "3"]
[White "Atienza Alvarez, Javier"]
[Black "Donado Mazarron Gomez, Miguel"]
[Result "0-1"]
[WhiteElo "2025"]
[BlackElo "2176"]
[PlyCount "150"]
[EventDate "2020.08.31"]
[EventType "swiss"]
[EventRounds "9"]
[EventCountry "ESP"]
[SourceTitle "EXT 2021"]
[Source "ChessBase"]
[SourceDate "2020.10.23"]
[SourceVersion "1"]
[SourceVersionDate "2020.10.23"]
[SourceQuality "1"]

1. d4 Nf6 2. c4 g6 3. Nc3 Bg7 4. e4 d6 5. f4 0-0 6. Nf3 c5 7. d5 b5 8. cxb5 a6 9. a4 axb5 10. Bxb5 Ba6 11. Qe2 Nxe4 12. Qxe4 Bxc3+ 13. bxc3 Bxb5 14. Bb2 Ba6 15. c4 Nd7 16. f5 Qa5+ 17. Kf2 Qb4 18. Rhb1 Qxc4 19. Qxe7 Qc2+ 20. Kg1 Qxf5 21. Nh4 Qh5 22. Nxg6 Qxg6 23. Qxd7 Rab8 24. Qh3 Bd3 25. Rd1 Rb3 26. Ra3 Rxa3 27. Bxa3 Bc2 28. Rf1 Bxa4 29. Bb2 Re8 30. Qc3 Re5 31. Qa5 Re2 32. Qd8+ Be8 33. g3 Qh6 34. Rf2 Qe3 35. Qf6 Qxf2+ 36. Qxf2 Rxf2 37. Kxf2 f5 38. Bc1 Kf7 39. Kf3 Ba4 40. Bf4 Ke7 41. Bg5+ Kd7 42. Kf4 Bc2 43. h4 h5 44. Bf6 Be4 45. Kg5 Bf3 46. Kxf5 Bxd5 47. Bg7 Be6+ 48. Ke4 Bg4 49. Kd5 Bf3+ 50. Kc4 Kc6 51. Kd3 d5 52. Be5 d4 53. Bf6 Kd5 54. Kd2 c4 55. Kc2 c3 56. Kb3 Kc5 57. Be7+ Kb5 58. Bf6 Bd1+ 59. Ka2 Kc4 60. Kb1 d3 61. Kc1 Bg4 62. Bg5 d2+ 63. Bxd2 cxd2+ 64. Kxd2 Kd4 65. Ke1 Ke3 66. Kf1 Kf3 67. Kg1 Kxg3 68. Kh1 Kxh4 69. Kh2 Kg5 70. Kg2 h4 71. Kh2 Kf4 72. Kg2 h3+ 73. Kh2 Be6 74. Kg1 Kg3 75. Kh1 Bd5+ 0-1

[Event "ESP-ch 84th"]
[Site "Marbella"]
[Date "2019.11.18"]
[Round "3"]
[White "Suarez Uriel, Adrian"]
[Black "Donado Mazarron Gomez, Miguel"]
[Result "1-0"]
[WhiteElo "2389"]
[BlackElo "2171"]
[PlyCount "77"]
[EventDate "2019.11.16"]
[EventType "swiss"]
[EventRounds "9"]
[EventCountry "ESP"]
[SourceTitle "CBM 193 Extra"]
[Source "ChessBase"]
[SourceDate "2020.01.31"]
[SourceVersion "1"]
[SourceVersionDate "2020.01.31"]
[SourceQuality "1"]

1. e4 c5 2. Ne2 Nf6 3. Nbc3 d6 4. g3 g6 5. Bg2 Bg7 6. d4 cxd4 7. Nxd4 0-0 8. 0-0 Nc6 9. Nde2 Rb8 10. a4 a6 11. Nd5 b5 12. axb5 axb5 13. h3 Bd7 14. Be3 Nxd5 15. exd5 Na5 16. Bd4 b4 17. Re1 b3 18. Bxg7 Kxg7 19. Qd2 Nc4 20. Qd4+ Ne5 21. f4 f6 22. c4 Nf7 23. Qe3 Qc8 24. Nd4 Qxc4 25. Ra7 Rb4 26. Rd1 Bc8 27. Rxe7 Kg8 28. Ne6 Bxe6 29. dxe6 Nh6 30. g4 Qc2 31. Rc1 Qxb2 32. Rcc7 f5 33. Rg7+ Qxg7 34. Rxg7+ Kxg7 35. Qc3+ Kg8 36. Qxb4 fxg4 37. Qxb3 Re8 38. Qb7 g3 39. Qd7 1-0

[Event "Almansa op-A 14th"]
[Site "Almansa"]
[Date "2019.08.09"]
[Round "6"]
[White "Garcia Dorado, Alberto"]
[Black "Donado Mazarron Gomez, Miguel"]
[Result "0-1"]
[WhiteElo "2205"]
[BlackElo "2078"]
[PlyCount "84"]
[EventDate "2019.08.07"]
[EventType "swiss"]
[EventRounds "7"]
[EventCountry "ESP"]
[SourceTitle "EXT 2022"]
[Source "ChessBase"]
[SourceDate "2021.10.06"]
[SourceVersion "1"]
[SourceVersionDate "2021.10.06"]
[SourceQuality "1"]

1. Nf3 Nf6 2. d4 g6 3. c4 Bg7 4. g3 b6 5. Nc3 Bb7 6. d5 0-0 7. Bg2 d6 8. 0-0 e5 9. e4 h6 10. Ne1 Nbd7 11. Nd3 Ne8 12. Be3 a5 13. Qd2 Kh7 14. f4 exf4 15. gxf4 f5 16. Rae1 Nef6 17. Nf2 fxe4 18. Ncxe4 Nxe4 19. Nxe4 Qh4 20. Bd4 Bxd4+ 21. Qxd4 Rae8 22. Qe3 Bc8 23. Qg3 Qxg3 24. hxg3 Kg7 25. Nc3 Ba6 26. b3 Nc5 27. Be4 Nxe4 28. Rxe4 Rxe4 29. Nxe4 Re8 30. Re1 b5 31. cxb5 Bxb5 32. Kf2 Bd3 33. Nc3 Rxe1 34. Kxe1 g5 35. fxg5 hxg5 36. Kd2 Bf1 37. Ne4 Kg6 38. g4 Bh3 39. Nc3 Bxg4 40. Nb5 Kf5 41. Nxc7 Ke5 42. a3 Bf3 0-1

[Event "ESP-ch 80th"]
[Site "Linares"]
[Date "2015.08.27"]
[Round "5"]
[White "Navarro Lopez Menchero, Daniel"]
[Black "Donado Mazarron Gomez, Miguel"]
[Result "0-1"]
[WhiteElo "2213"]
[BlackElo "2095"]
[PlyCount "44"]
[EventDate "2015.08.23"]
[EventType "swiss"]
[EventRounds "9"]
[EventCountry "ESP"]
[SourceTitle "EXT 2016"]
[Source "ChessBase"]
[SourceDate "2015.10.08"]
[SourceVersion "1"]
[SourceVersionDate "2015.10.08"]
[SourceQuality "1"]

1. Nf3 Nf6 2. b3 g6 3. Bb2 Bg7 4. c4 0-0 5. g3 d6 6. Bg2 e5 7. d3 Nc6 8. 0-0 Nh5 9. e4 f5 10. Qd2 f4 11. b4 g5 12. b5 Nd4 13. Nxd4 exd4 14. Qd1 g4 15. Nd2 f3 16. Bh1 Be5 17. Nb3 Nf4 18. Re1 Qf6 19. Rc1 Nh3+ 20. Kf1 Nxf2 21. Kxf2 Qh6 22. h4 Bxg3+ 0-1

[Event "La Roda op 42nd"]
[Site "La Roda"]
[Date "2015.04.02"]
[Round "2"]
[White "Donado Mazarron Gomez, Miguel"]
[Black "Garza Marco, Sergio"]
[Result "0-1"]
[WhiteElo "2134"]
[BlackElo "2415"]
[PlyCount "60"]
[EventDate "2015.04.01"]
[EventType "swiss"]
[EventRounds "9"]
[EventCountry "ESP"]
[SourceTitle "CBM 165 Extra"]
[Source "ChessBase"]
[SourceDate "2015.04.21"]
[SourceVersion "1"]
[SourceVersionDate "2015.04.21"]
[SourceQuality "1"]

1. d4 d6 2. Nf3 g6 3. c4 f5 4. g3 Nf6 5. Bg2 Bg7 6. 0-0 0-0 7. Nc3 c6 8. b3 Na6 9. Bb2 Qc7 10. d5 e5 11. Qd2 c5 12. a3 h6 13. Nb5 Qd8 14. b4 g5 15. Ne1 b6 16. Nd3 f4 17. bxc5 Nxc5 18. Nxc5 bxc5 19. Bc3 Bf5 20. Ra2 Qd7 21. Ba5 Rac8 22. Rb2 a6 23. Nc3 Rb8 24. e4 fxe3 25. fxe3 Rxb2 26. Qxb2 Bd3 27. Rd1 Bxc4 28. Qb6 Ng4 29. Qc6 Qf5 30. Qxd6 Nxe3 0-1

[Event "San Pedro del Pinatar op 6th"]
[Site "San Pedro del Pinatar"]
[Date "2015.01.31"]
[Round "5"]
[White "Mateos Martinez, Francisco Ramon"]
[Black "Donado Mazarron Gomez, Miguel"]
[Result "0-1"]
[WhiteElo "1842"]
[BlackElo "2081"]
[PlyCount "104"]
[EventDate "2015.01.30"]
[EventType "swiss"]
[EventRounds "7"]
[EventCountry "ESP"]
[SourceTitle "CBM 164 Extra"]
[Source "ChessBase"]
[SourceDate "2015.03.02"]
[SourceVersion "1"]
[SourceVersionDate "2015.03.02"]
[SourceQuality "1"]

1. d4 Nf6 2. c4 g6 3. Nc3 Bg7 4. e4 d6 5. Nf3 0-0 6. h3 e5 7. dxe5 dxe5 8. Qxd8 Rxd8 9. Bg5 Re8 10. Nd5 Nxd5 11. cxd5 c6 12. Bc4 cxd5 13. Bxd5 Nc6 14. 0-0-0 Nb4 15. Bb3 a5 16. Ba4 Nc6 17. Rd6 Be6 18. Kb1 h6 19. Be3 Red8 20. Rhd1 Nd4 21. Rb6 Nxf3 22. Rxd8+ Rxd8 23. gxf3 Bxh3 24. Rxb7 Bg2 25. Bb3 Bxf3 26. Bxf7+ Kh7 27. Bd5 g5 28. Bb6 Rf8 29. Bxa5 h5 30. Bc3 Kg6 31. a4 h4 32. a5 Bf6 33. Bb4 Rd8 34. Bf7+ Kh7 35. Rb6 Kg7 36. Be6 g4 37. Rb7+ Kh6 38. Bf5 h3 39. Kc2 Bg7 40. Rb6+ Kg5 41. Be7+ Kf4 42. Rg6 Rc8+ 43. Bxc8 Bxe4+ 44. Kd2 Bxg6 45. Bh4 e4 46. Bg3+ Kf3 47. Bb7 Bxb2 48. a6 Bd4 49. Ke1 h2 50. Bxh2 Bxf2+ 51. Kf1 g3 52. a7 g2# 0-1

[Event "Almansa op-A"]
[Site "Almansa"]
[Date "2014.08.07"]
[Round "4"]
[White "Pena Riasco, Alexander"]
[Black "Donado Mazarron Gomez, Miguel"]
[Result "1/2-1/2"]
[WhiteElo "2242"]
[BlackElo "2065"]
[PlyCount "68"]
[EventDate "2014.08.05"]
[EventType "swiss"]
[EventRounds "9"]
[EventCountry "ESP"]
[SourceTitle "EXT 2019"]
[Source "ChessBase"]
[SourceDate "2018.10.10"]
[SourceVersion "1"]
[SourceVersionDate "2018.10.10"]
[SourceQuality "1"]

1. e4 c5 2. Nf3 d6 3. d4 cxd4 4. Nxd4 Nf6 5. Nc3 a6 6. Be3 e5 7. Nb3 Be6 8. f3 Nbd7 9. Qd2 b5 10. 0-0-0 Rc8 11. Kb1 Be7 12. g4 Nb6 13. Qf2 Rxc3 14. Bxb6 Rxf3 15. Qg1 Qa8 16. Bg2 Bxg4 17. Re1 Nxe4 18. h3 Bh5 19. Bxf3 Bxf3 20. Rh2 0-0 21. Qe3 Ng5 22. Rf1 Bh5 23. Ba5 f5 24. Bb4 f4 25. Qb6 Ne4 26. Qc7 Rf7 27. Ba5 Bh4 28. Qb6 Bg3 29. Rhh1 Be2 30. Rc1 Bf2 31. Qd8+ Qxd8 32. Bxd8 Be3 33. Rce1 f3 34. Ba5 Ng3 1/2-1/2

[Event "La Roda op 40th"]
[Site "La Roda"]
[Date "2013.03.30"]
[Round "7"]
[White "Donado Mazarron Gomez, Miguel"]
[Black "Espinosa Aranda, Angel"]
[Result "1-0"]
[WhiteElo "2098"]
[BlackElo "2414"]
[PlyCount "86"]
[EventDate "2013.03.27"]
[EventType "swiss"]
[EventRounds "9"]
[EventCountry "ESP"]
[SourceTitle "CBM 153 Extra"]
[Source "ChessBase"]
[SourceDate "2013.04.22"]
[SourceVersion "1"]
[SourceVersionDate "2013.04.22"]
[SourceQuality "1"]

1. e4 c5 2. Nf3 Nc6 3. d4 cxd4 4. Nxd4 Nf6 5. Nc3 d6 6. f4 g6 7. Be3 Bg7 8. Be2 0-0 9. Nb3 Be6 10. 0-0 Qc8 11. Kh1 Rd8 12. Bf3 Bc4 13. Rf2 e5 14. Rd2 Qe6 15. fxe5 Nxe5 16. Bg5 h6 17. Bxf6 Bxf6 18. Na5 Rab8 19. Nd5 Bg7 20. Be2 Bxe2 21. Qxe2 Nc6 22. Nxc6 bxc6 23. Nf4 Qf6 24. Nd3 Re8 25. c3 Re6 26. Nb4 d5 27. Na6 Rd8 28. Nc5 Re5 29. Qd3 Qe7 30. b4 Re8 31. Qa6 dxe4 32. Qxc6 e3 33. Re2 Rf5 34. Rae1 Bxc3 35. Rxe3 Bxe1 36. Qxe8+ Kg7 37. g4 Rf1+ 38. Kg2 Qh4 39. Qe5+ Kh7 40. Ne4 Rf2+ 41. Kg1 Qxg4+ 42. Qg3 Rf1+ 43. Kxf1 Bxg3 1-0

[Event "La Roda op 40th"]
[Site "La Roda"]
[Date "2013.03.29"]
[Round "4"]
[White "Plaskett, H James"]
[Black "Donado Mazarron Gomez, Miguel"]
[Result "1-0"]
[WhiteElo "2516"]
[BlackElo "2098"]
[PlyCount "75"]
[EventDate "2013.03.27"]
[EventType "swiss"]
[EventRounds "9"]
[EventCountry "ESP"]
[SourceTitle "CBM 153 Extra"]
[Source "ChessBase"]
[SourceDate "2013.04.22"]
[SourceVersion "1"]
[SourceVersionDate "2013.04.22"]
[SourceQuality "1"]

1. e4 c5 2. Nf3 d6 3. Bb5+ Nd7 4. 0-0 Ngf6 5. Re1 e6 6. c3 Be7 7. d4 cxd4 8. cxd4 0-0 9. Nc3 a6 10. Bd3 b5 11. e5 Nd5 12. Nxd5 exd5 13. Bc2 Re8 14. Bf4 dxe5 15. dxe5 Nf8 16. Nd4 Bc5 17. Qd3 Qb6 18. Be3 Rxe5 19. b4 Rxe3 20. fxe3 Bxb4 21. Rf1 Bg4 22. Rf4 Bh5 23. Nf5 Bc5 24. Qxd5 Rd8 25. Qe5 f6 26. Qc3 b4 27. Bb3+ Kh8 28. Qc4 Nd7 29. Qe6 Qxe6 30. Bxe6 Ne5 31. Nd4 Rd6 32. Bb3 g5 33. Rff1 Ng4 34. Rfc1 Bb6 35. Rc8+ Rd8 36. Rac1 Rxc8 37. Rxc8+ Kg7 38. Rg8+ 1-0

[Event "San Pedro del Pinatar 4th"]
[Site "San Pedro del Pinatar"]
[Date "2013.01.13"]
[Round "7.9"]
[White "Lopez Heras, Santiago"]
[Black "Donado Mazarron Gomez, Miguel"]
[Result "0-1"]
[WhiteElo "1955"]
[BlackElo "2104"]
[PlyCount "108"]
[EventDate "2013.01.11"]
[EventType "swiss"]
[EventRounds "7"]
[EventCountry "ESP"]
[SourceTitle "EXT 2024"]
[Source "ChessBase"]
[SourceDate "2023.10.10"]
[SourceVersion "1"]
[SourceVersionDate "2023.10.10"]
[SourceQuality "1"]

1. e4 c5 2. Nf3 d6 3. d4 cxd4 4. Nxd4 Nf6 5. Nc3 a6 6. Bg5 e6 7. Qd2 h6 8. Bh4 Nxe4 9. Qf4 Nf6 10. Qf3 Nbd7 11. 0-0-0 Be7 12. Bd3 Ne5 13. Qe2 b5 14. f4 Nxd3+ 15. Rxd3 Bb7 16. Re1 0-0 17. Nf5 b4 18. Nxe7+ Qxe7 19. Nd1 Rac8 20. Kb1 a5 21. g4 Ba6 22. Qe3 Bxd3 23. Qxd3 Qc7 24. g5 hxg5 25. fxg5 Nd5 26. g6 Nf4 27. gxf7+ Rxf7 28. Qd2 e5 29. Bg3 d5 30. Ne3 d4 31. Ng4 Re7 32. Nf2 Ng2 33. Rc1 Qc6 34. Ng4 Rce8 35. Nxe5 Rxe5 36. Bxe5 Rxe5 37. Qxd4 Re4 38. Qd8+ Re8 39. Qxa5 Qc4 40. Qa4 Re2 41. a3 Nf4 42. Qxb4 Qc7 43. h4 Rh2 44. Qb3+ Kh8 45. Qg3 Rg2 46. Qf3 Qe5 47. Rd1 Re2 48. Rd8+ Kh7 49. Qb3 Ng6 50. Qg8+ Kh6 51. Rd5 Qe4 52. Rc5 Qxh4 53. Rc8 Qf2 54. Rc3 Re3 0-1

[Event "ESP-ch U18"]
[Site "Salobrena"]
[Date "2012.07.28"]
[Round "8"]
[White "Fernandez Diaz, Cristian"]
[Black "Donado Mazarron Gomez, Miguel"]
[Result "0-1"]
[WhiteElo "2162"]
[BlackElo "2055"]
[PlyCount "92"]
[EventDate "2012.07.23"]
[EventType "swiss"]
[EventRounds "9"]
[EventCountry "ESP"]
[SourceTitle "EXT 2014"]
[Source "ChessBase"]
[SourceDate "2013.11.20"]
[SourceVersion "1"]
[SourceVersionDate "2013.11.20"]
[SourceQuality "1"]

1. d4 Nf6 2. Nf3 c5 3. d5 g6 4. Nc3 Bg7 5. e4 d6 6. Be2 0-0 7. 0-0 Na6 8. h3 Nc7 9. a4 Rb8 10. Bf4 Nd7 11. Qd2 b6 12. Bh6 a6 13. Bxg7 Kxg7 14. Qf4 f6 15. Qg3 b5 16. axb5 axb5 17. Nd2 Ne5 18. f4 Nf7 19. Nf3 f5 20. Rad1 b4 21. Na4 fxe4 22. Nd2 Bf5 23. Bc4 Nh6 24. Qe3 e6 25. dxe6 d5 26. Qxc5 Nxe6 27. Qxd5 Qxd5 28. Bxd5 e3 29. Bxe6 e2 30. Bxf5 Rxf5 31. Nf3 exd1Q 32. Rxd1 Rxf4 33. Nc5 Rc4 34. Rd7+ Kg8 35. Ne6 Nf7 36. Ned4 Rc5 37. Re7 Rc4 38. Kf2 Ng5 39. b3 Nxf3 40. Nxf3 Rxc2+ 41. Kg3 Rc3 42. Kf4 Rxb3 43. Ng5 Rb2 44. g4 b3 45. Nxh7 Rf2+ 46. Kg5 Rf7 0-1

[Event "ESP-ch U18"]
[Site "Salobrena"]
[Date "2012.07.26"]
[Round "6"]
[White "Castillo Rodriguez, Angel Luis"]
[Black "Donado Mazarron Gomez, Miguel"]
[Result "0-1"]
[WhiteElo "1805"]
[BlackElo "2055"]
[PlyCount "114"]
[EventDate "2012.07.23"]
[EventType "swiss"]
[EventRounds "9"]
[EventCountry "ESP"]
[SourceTitle "EXT 2014"]
[Source "ChessBase"]
[SourceDate "2013.11.20"]
[SourceVersion "1"]
[SourceVersionDate "2013.11.20"]
[SourceQuality "1"]

1. e4 c5 2. c4 d6 3. Nc3 e6 4. g3 b6 5. Bg2 Bb7 6. Nge2 Nc6 7. 0-0 g6 8. d3 Bg7 9. Be3 Nge7 10. Qd2 Nd4 11. Bh6 0-0 12. Bxg7 Kxg7 13. Nxd4 cxd4 14. Ne2 e5 15. b4 f5 16. f3 h6 17. Nc1 g5 18. Nb3 Rc8 19. Rfc1 Ng6 20. exf5 Rxf5 21. Bh3 Rxf3 22. Bxc8 Qxc8 23. Rf1 Nh4 24. Nxd4 exd4 25. Rae1 Rxf1+ 26. Rxf1 Nf3+ 27. Rxf3 Bxf3 28. Qf2 Qf5 29. Qxd4+ Qe5 30. Qxe5+ dxe5 31. Kf2 Bc6 32. Ke3 Kf6 33. d4 exd4+ 34. Kxd4 Ke6 35. a3 Ba4 36. c5 b5 37. Ke4 Bc2+ 38. Kd4 Bb1 39. h4 gxh4 40. gxh4 h5 41. Kc3 Kd5 42. Kb2 Be4 43. Kb3 Ke5 44. Kc3 a6 45. Kb3 Kd4 46. a4 Bd5+ 47. Ka3 Kc4 48. Kb2 Kxb4 49. axb5 axb5 50. c6 Bxc6 51. Ka1 Kc3 52. Ka2 b4 53. Kb1 b3 54. Ka1 b2+ 55. Ka2 Be4 56. Ka3 b1Q 57. Ka4 Qb4# 0-1

[Event "ESP-ch U18"]
[Site "Salobrena"]
[Date "2012.07.23"]
[Round "2"]
[White "Navarro Lopez Menchero, Daniel"]
[Black "Donado Mazarron Gomez, Miguel"]
[Result "1-0"]
[WhiteElo "2230"]
[BlackElo "2055"]
[PlyCount "79"]
[EventDate "2012.07.23"]
[EventType "swiss"]
[EventRounds "9"]
[EventCountry "ESP"]
[SourceTitle "EXT 2014"]
[Source "ChessBase"]
[SourceDate "2013.11.20"]
[SourceVersion "1"]
[SourceVersionDate "2013.11.20"]
[SourceQuality "1"]

1. e4 c5 2. Nf3 d6 3. d4 cxd4 4. Nxd4 Nf6 5. Nc3 a6 6. Qe2 e5 7. Nf5 d5 8. Bg5 Bb4 9. Nxg7+ Kf8 10. Nh5 Bxc3+ 11. bxc3 Qa5 12. Bxf6 Qxc3+ 13. Qd2 Qxa1+ 14. Ke2 Nc6 15. Bxh8 Bg4+ 16. f3 Bxh5 17. Qh6+ Ke8 18. Qxh5 dxe4 19. Bf6 Rc8 20. Qxh7 Nd4+ 21. Kf2 e3+ 22. Kg3 e2 23. Qg8+ Kd7 24. Qxf7+ Kc6 25. Bxe2 Nxe2+ 26. Kf2 Qxh1 27. Qe6+ Kc7 28. Bxe5+ Kd8 29. Qg8+ Kd7 30. Qf7+ Kc6 31. Qe6+ Kb5 32. Qxc8 Qg1+ 33. Kxe2 Qxg2+ 34. Ke3 Qg1+ 35. Ke4 Qg6+ 36. Qf5 Qc6+ 37. Kf4 Qc4+ 38. Bd4+ Ka4 39. Qe4 Qf7+ 40. Ke3 1-0

[Event "Benidorm Nuevas Generaciones op 7th"]
[Site "Benidorm"]
[Date "2011.12.11"]
[Round "7.3"]
[White "Suarez Garcia, Carlos"]
[Black "Donado Mazarron Gomez, Miguel"]
[Result "1/2-1/2"]
[WhiteElo "2250"]
[BlackElo "1953"]
[PlyCount "93"]
[EventDate "2011.12.07"]
[EventType "swiss"]
[EventRounds "7"]
[EventCountry "ESP"]
[SourceTitle "EXT 2015"]
[Source "ChessBase"]
[SourceDate "2014.11.20"]
[SourceVersion "1"]
[SourceVersionDate "2014.11.20"]
[SourceQuality "1"]

1. d4 Nf6 2. Nf3 c5 3. c4 cxd4 4. Nxd4 e5 5. Nf3 Nc6 6. g3 Bc5 7. Bg2 0-0 8. 0-0 d6 9. Nc3 a6 10. a3 Be6 11. b3 h6 12. e3 Rb8 13. Ne1 Ne7 14. Nd5 b5 15. Nxf6+ gxf6 16. cxb5 Rxb5 17. b4 Ba7 18. Nd3 f5 19. a4 Rb8 20. Ba3 f6 21. Qd2 Qd7 22. Nb2 d5 23. Rfd1 Kh7 24. Bf1 Rg8 25. b5 d4 26. Rac1 Bd5 27. exd4 Bxd4 28. Bc5 Ba8 29. Bg2 Bxg2 30. Kxg2 Ng6 31. Bxd4 Qd5+ 32. Kf1 exd4 33. Rc7+ Rg7 34. Rxg7+ Kxg7 35. Kg1 Ne5 36. Qf4 Nf3+ 37. Kf1 Nxh2+ 38. Kg1 Nf3+ 39. Kf1 Re8 40. Nd3 Kg6 41. Qc1 Qe4 42. Qc6 Qe2+ 43. Kg2 Re4 44. Nf4+ Rxf4 45. gxf4 Nh4+ 46. Kh2 Qxd1 47. Qe8+ 1/2-1/2

[Event "ESP-ch U16"]
[Site "Padron"]
[Date "2011.07.19"]
[Round "2"]
[White "Santos Latasa, Jaime"]
[Black "Donado Mazarron Gomez, Miguel"]
[Result "1-0"]
[WhiteElo "2230"]
[BlackElo "1953"]
[PlyCount "43"]
[EventDate "2011.07.19"]
[EventType "swiss"]
[EventRounds "9"]
[EventCountry "ESP"]
[SourceTitle "CBM 143 Extra"]
[Source "ChessBase"]
[SourceDate "2011.08.29"]
[SourceVersion "1"]
[SourceVersionDate "2011.08.29"]
[SourceQuality "1"]

1. e4 c5 2. Nf3 d6 3. d4 cxd4 4. Nxd4 Nf6 5. Nc3 a6 6. h3 e6 7. g4 d5 8. exd5 Nxd5 9. Nde2 Bb4 10. Bg2 Nc6 11. 0-0 Nxc3 12. Nxc3 0-0 13. Qxd8 Rxd8 14. Na4 e5 15. c3 Ba5 16. Be3 Be6 17. Nc5 Bc4 18. Nxb7 Bxf1 19. Kxf1 Ne7 20. Nxa5 Rab8 21. Bc5 Rxb2 22. Nc4 1-0

[Event "Benidorm New Generation U16 06th"]
[Site "Benidorm"]
[Date "2010.12.08"]
[Round "7"]
[White "Rivas Perez, Jorge"]
[Black "Donado Mazarron Gomez, Miguel"]
[Result "0-1"]
[WhiteElo "1717"]
[BlackElo "1893"]
[PlyCount "66"]
[EventDate "2010.12.04"]
[EventType "swiss"]
[EventRounds "7"]
[EventCountry "ESP"]
[SourceTitle "EXT 2024"]
[Source "ChessBase"]
[SourceDate "2023.10.10"]
[SourceVersion "1"]
[SourceVersionDate "2023.10.10"]
[SourceQuality "1"]

1. e4 c5 2. Nc3 d6 3. g3 Nc6 4. Bg2 g6 5. h3 Bg7 6. f4 e6 7. Nf3 Nge7 8. 0-0 0-0 9. d3 b6 10. g4 f5 11. Ne2 Bb7 12. Qe1 Nb4 13. Ng5 Qd7 14. Qd1 h6 15. a3 Na6 16. Nf3 fxe4 17. dxe4 Bxe4 18. Ng3 Bc6 19. Qd3 c4 20. Qe2 c3 21. b4 Bb5 22. Qf2 Bxf1 23. Bxf1 Nc7 24. Bc4 d5 25. Bb3 Kh7 26. Be3 Nc6 27. Ne2 e5 28. Rd1 d4 29. Qg3 Nd5 30. Bxd5 Qxd5 31. Bf2 exf4 32. Nxf4 Qe4 33. Rd3 Rxf4 0-1

[Event "ESP-ch U16"]
[Site "Linares"]
[Date "2010.07.24"]
[Round "8"]
[White "Donado Mazarron Gomez, Miguel"]
[Black "Martinez Ramirez, Erik"]
[Result "1-0"]
[WhiteElo "2141"]
[BlackElo "2216"]
[PlyCount "89"]
[EventDate "2010.07.20"]
[EventType "swiss"]
[EventRounds "9"]
[EventCountry "ESP"]
[SourceTitle "CBM 137 Extra"]
[Source "ChessBase"]
[SourceDate "2010.09.01"]
[SourceVersion "1"]
[SourceVersionDate "2010.09.01"]
[SourceQuality "1"]

1. e4 c5 2. Nf3 Nc6 3. d4 cxd4 4. Nxd4 g6 5. c4 Bg7 6. Be3 Nf6 7. Nc3 d6 8. Be2 0-0 9. 0-0 Nxd4 10. Bxd4 Bd7 11. Qd2 Bc6 12. Bd3 Nd7 13. Bxg7 Kxg7 14. Rae1 a6 15. Re3 Rh8 16. f4 f6 17. Kh1 Rb8 18. Ne2 a5 19. b3 Qb6 20. Bc2 Qb4 21. Qc1 Qc5 22. Qd2 b5 23. Nd4 Qb6 24. e5 dxe5 25. fxe5 Nxe5 26. Rxe5 fxe5 27. c5 Qa6 28. Qg5 exd4 29. Qxe7+ Kh6 30. Rf4 Bxg2+ 31. Kg1 Bf3 32. Rxf3 Qc8 33. Rf4 Qh3 34. Rh4+ Qxh4 35. Qxh4+ Kg7 36. Qxd4+ Kh6 37. c6 Rhf8 38. Qh4+ Kg7 39. Qe7+ Kh6 40. c7 Rbe8 41. Qh4+ Kg7 42. Qd4+ Kh6 43. Be4 Rf7 44. Qe3+ Kg7 45. Qc3+ 1-0